Europäische Länder ohne Karte - Statistiken

Allgemein
  • Dieses Quiz wurde 298 mal gespielt
  • Das Durchschnittsergebnis liegt bei 41 aus 45
Antwortstatistiken
Antwort % Korrekt
Deutschland
98%
Frankreich
97%
Belgien
96%
Finnland
96%
Schweden
96%
Albanien
95%
Estland
95%
Luxemburg
95%
Niederlande
95%
Norwegen
95%
Österreich
95%
Portugal
95%
Belarus
94%
Lettland
94%
Schweiz
94%
Andorra
93%
Dänemark
93%
Kroatien
93%
Litauen
93%
Polen
93%
Russland
93%
Slowakei
93%
Spanien
93%
Liechtenstein
92%
Slowenien
92%
Griechenland
91%
Irland
91%
Island
91%
Rumänien
91%
Tschechien
91%
Vatikanstadt
91%
Italien
90%
Monaco
90%
Vereinigtes Königreich
90%
Bosnien und Herzegowina
89%
Bulgarien
89%
Nordmazedonien
89%
Serbien
89%
San Marino
88%
Ukraine
88%
Ungarn
88%
Kosovo
86%
Malta
84%
Moldau
84%
Montenegro
82%
Keine übereinstimmenden Quizze gefunden
Verteilung der Resultate
Anzahl Personen mit jedem Resultat
Perzentil nach korrekt beantworteten Fragen
Ihre Resultats-Entwicklung
Sie haben dieses Quiz noch nicht gespielt